Normal view MARC view
  • Educación -

Entry Materia

Number of records used in: 5

001 - NÚMERO DE CONTROL DEL REGISTRO

  • campo de control: 15816

003 - IDENTIFICADOR DE NUMERO DE CONTROL

  • campo de control: UPN

005 - FECHA Y HORA DE LA ÚLTIMA TRANSACCIÓN

  • campo de control: 20250821143748.0

008 - DATOS DE LONGITUD FIJA

  • campo de control de longitud fija: nabaccnnaabn|||||||||| b |nc|||||d

035 ## - NÚMERO DE CONTROL DEL SISTEMA

  • Número de control del sistema: UPN10000015824

040 ## - FUENTE DE LA CATALOGACIÓN

  • Lengua de catalogación: SPA
  • Agencia de transcripción: MX-MxUPN

150 ## - ENCABEZAMIENTO - TEMÁTICO

  • Término de materia o nombre geográfico como elemento inicial: Educación -
  • Subdivisión geográfica: América Latina
  • Subdivisión de materia general: Finanzas

670 ## - FUENTE EN LA QUE SE LOCALIZARON DATOS

  • Cita de la fuente: Money conunts : Projecting education expenditures in Latin America and the Caribbean to the year 2015.
  • Información localizada: Educación - Finanzas - América Latina

902 ## - CATALOGADOR

  • Catalogador: MMA/041096
  • Catalogador: Berenice Martínez/120825